The character of consciousness (Record no. 22770)

MARC details
000 -LEADER
fixed length control field 00420cam a22001574a 4500
020 ## - INTERNATIONAL STANDARD BOOK NUMBER
ISBN 9780195311112 (pbk.)
082 00 - DEWEY DECIMAL CLASSIFICATION NUMBER
Classification number 126
Author Cutter CHA
100 1# - MAIN ENTRY--AUTHOR NAME
Author name Chalmers, David John,
245 10 - TITLE STATEMENT
Title The character of consciousness
260 ## - PUBLICATION, DISTRIBUTION, ETC. (IMPRINT)
Place of publication New York :
Name of publisher Oxford University Press, USA,
Year of publication 2010.
300 ## - PHYSICAL DESCRIPTION
Number of Pages xxvii, 596 p. :
Other physical details ill. ;
490 0# - SERIES STATEMENT
Series statement Philosophy of mind series
650 #0 - SUBJECT ADDED ENTRY--TOPICAL TERM
Topical Term Consciousness.
942 ## - ADDED ENTRY ELEMENTS (KOHA)
Koha item type Books
Holdings
Home library Current library Shelving location Date acquired Full call number Accession Number Koha item type
Henry Martyn Institute Library Henry Martyn Institute Library General stacks 10/22/2019 126 CHA 25652 Books
                   Copyright © 2026 | Henry Martyn Institute | Hyderabad | TS-500052 | INDIA | Implemented by hmi.edu.in
Hit-Count:

Powered by Koha